<?xml version="1.0" encoding="UTF-8"?>
<record
    xmlns:xsi="http://www.w3.org/2001/XMLSchema-instance"
    xsi:schemaLocation="http://www.loc.gov/MARC21/slim http://www.loc.gov/standards/marcxml/schema/MARC21slim.xsd"
    xmlns="http://www.loc.gov/MARC21/slim">

  <leader>01303cam a2200373 i 4500</leader>
  <controlfield tag="001">78260</controlfield>
  <controlfield tag="003">BD-RjUL</controlfield>
  <controlfield tag="005">20211209083117.0</controlfield>
  <controlfield tag="008">210829s2005    mdu           000 0 per  </controlfield>
  <datafield tag="020" ind1=" " ind2=" ">
    <subfield code="a">9643063445</subfield>
  </datafield>
  <datafield tag="035" ind1=" " ind2=" ">
    <subfield code="a">(BD-RjUL)78486)</subfield>
  </datafield>
  <datafield tag="040" ind1=" " ind2=" ">
    <subfield code="a">DLC</subfield>
    <subfield code="b">eng</subfield>
    <subfield code="e">rda</subfield>
    <subfield code="c">DLC</subfield>
  </datafield>
  <datafield tag="041" ind1=" " ind2=" ">
    <subfield code="a">per</subfield>
  </datafield>
  <datafield tag="042" ind1=" " ind2=" ">
    <subfield code="a">pcc</subfield>
  </datafield>
  <datafield tag="066" ind1=" " ind2=" ">
    <subfield code="c">(3</subfield>
    <subfield code="c">(4</subfield>
  </datafield>
  <datafield tag="082" ind1=" " ind2=" ">
    <subfield code="2">23</subfield>
    <subfield code="a">891.551</subfield>
    <subfield code="b">DIW 2005</subfield>
  </datafield>
  <datafield tag="100" ind1="0" ind2=" ">
    <subfield code="a">&#x1E24;&#x101;fi&#x1E93;,</subfield>
    <subfield code="d">active 14th century,</subfield>
    <subfield code="e">author.</subfield>
    <subfield code="9">247238</subfield>
  </datafield>
  <datafield tag="245" ind1="1" ind2="0">
    <subfield code="a">D&#x12B;v&#x101;n-i &#x1E24;&#x101;fi&#x1E93; /</subfield>
    <subfield code="c">Mu&#x1E25;ammad Qazv&#x12B;n&#x12B; va Duktur Q&#x101;sim Ghan&#x12B;.</subfield>
  </datafield>
  <datafield tag="264" ind1=" " ind2="1">
    <subfield code="a">Bethesda, MD :</subfield>
    <subfield code="b">Ibex Publishers,</subfield>
    <subfield code="c">2018.</subfield>
  </datafield>
  <datafield tag="300" ind1=" " ind2=" ">
    <subfield code="a">543 pages ;</subfield>
    <subfield code="c">17 cm</subfield>
  </datafield>
  <datafield tag="500" ind1=" " ind2=" ">
    <subfield code="a">Poems.</subfield>
  </datafield>
  <datafield tag="650" ind1=" " ind2=" ">
    <subfield code="a">Percian poem</subfield>
    <subfield code="9">247239</subfield>
  </datafield>
  <datafield tag="700" ind1="1" ind2=" ">
    <subfield code="a">Qazv&#x12B;n&#x12B;, Mu&#x1E25;ammad,</subfield>
    <subfield code="d">1877-1949,</subfield>
    <subfield code="e">author.</subfield>
    <subfield code="9">78743</subfield>
  </datafield>
  <datafield tag="700" ind1="1" ind2=" ">
    <subfield code="a">Ghan&#x12B;, Q&#x101;sim,</subfield>
    <subfield code="e">author.</subfield>
    <subfield code="9">247241</subfield>
  </datafield>
  <datafield tag="880" ind1="0" ind2=" ">
    <subfield code="6">100-01/(3/r&#x200F;</subfield>
    <subfield code="a">&#x200F;&#x62D;&#x627;&#x641;&#x638;.</subfield>
  </datafield>
  <datafield tag="880" ind1="1" ind2="0">
    <subfield code="6">245-02/(3/r&#x200F;</subfield>
    <subfield code="a">&#x200F;&#x62F;&#x64A;&#x648;&#x627;&#x646; &#x62D;&#x627;&#x641;&#x638; = Complete Ghazals of Hafez /&#x200F;</subfield>
    <subfield code="c">&#x200F;&#x628;&#x631; &#x627;&#x633;&#x627;&#x633; &#x646;&#x633;&#x62E;&#x647;&#x200C;&#x627;&#x649; &#x628;&#x647; &#x62A;&#x635;&#x62D;&#x64A;&#x62D; &#x639;&#x644;&#x627;&#x645;&#x647; &#x645;&#x62D;&#x645;&#x62F; &#x642;&#x632;&#x648;&#x64A;&#x646;&#x649; &#x648; &#x62F;&#x6A9;&#x62A;&#x631; &#x642;&#x627;&#x633;&#x645; &#x63A;&#x646;&#x649;.</subfield>
  </datafield>
  <datafield tag="880" ind1="1" ind2=" ">
    <subfield code="6">700-05/(3/r&#x200F;</subfield>
    <subfield code="a">&#x200F;&#x642;&#x632;&#x648;&#x64A;&#x646;&#x649;&#x60C; &#x645;&#x62D;&#x645;&#x62F;&#x60C;&#x200F;</subfield>
    <subfield code="d">1877-1949.</subfield>
  </datafield>
  <datafield tag="880" ind1="1" ind2=" ">
    <subfield code="6">700-06/(3/r&#x200F;</subfield>
    <subfield code="a">&#x200F;&#x63A;&#x646;&#x649;&#x60C; &#x642;&#x627;&#x633;&#x645;.</subfield>
  </datafield>
  <datafield tag="942" ind1=" " ind2=" ">
    <subfield code="2">ddc</subfield>
    <subfield code="c">BK</subfield>
  </datafield>
  <datafield tag="999" ind1=" " ind2=" ">
    <subfield code="c">78260</subfield>
    <subfield code="d">78260</subfield>
  </datafield>
  <datafield tag="952" ind1=" " ind2=" ">
    <subfield code="0">0</subfield>
    <subfield code="1">0</subfield>
    <subfield code="2">ddc</subfield>
    <subfield code="4">0</subfield>
    <subfield code="7">1</subfield>
    <subfield code="8">NFIC</subfield>
    <subfield code="a">RUCL</subfield>
    <subfield code="b">RUCL</subfield>
    <subfield code="c">Reading</subfield>
    <subfield code="d">2007-07-11</subfield>
    <subfield code="e">paragon, Dhaka</subfield>
    <subfield code="g">18.00</subfield>
    <subfield code="l">0</subfield>
    <subfield code="o">F 891.551 DIW 2005</subfield>
    <subfield code="r">2021-08-29 00:00:00</subfield>
    <subfield code="t">C-1</subfield>
    <subfield code="w">2021-12-09</subfield>
    <subfield code="y">BK</subfield>
  </datafield>
</record>
